| 000 | 00687nac a22001931u 4500 | ||
|---|---|---|---|
| 010 | _a89017043 | ||
| 020 | _a0870067648 | ||
| 082 | 0 | 0 |
_a604.2 _bL9751 |
| 090 |
_c773 _d773 |
||
| 100 | _aLutz, Ronald J., | ||
| 245 | 1 | 0 |
_aApplied sketching and technical drawing / _cby Ronald J. Lutz. |
| 260 |
_aSouth Holland, Ill. : _bGoodheart-Willcox Co., _cc1991. |
||
| 300 |
_a224 p. : _bill. (some col.) ; _c29 cm. |
||
| 500 | _aIncludes index. | ||
| 650 | 0 | _aMechanical drawing. | |
| 650 | 0 | _aFreehand technical sketching. | |
| 942 |
_cBB _k604.2L9751 |
||
| 999 |
_c773 _d773 |
||